Two summers in the ice-wilds of Eastern Karakoram (Record no. 133793)

MARC details
000 -LEADER
campo de control de longitud fija 00611nam a2200169 i 4500
001 - NÚMERO DE CONTROL
campo de control 133793
003 - IDENTIFICADOR DE NÚMERO DE CONTROL
campo de control ES-MaACL
005 - FECHA Y HORA DE LA ÚLTIMA TRANSACCIÓN
campo de control 20230906194531.0
007 - CAMPO FIJO DE DESCRIPCIÓN FÍSICA--INFORMACIÓN GENERAL
campo de control de longitud fija t|
008 - DATOS DE LONGITUD FIJA--INFORMACIÓN GENERAL
campo de control de longitud fija 070829s1917 xxk ||||1| eng d
100 1# - ENTRADA PRINCIPAL--NOMBRE DE PERSONA
Nombre de persona Workman, Fanny Bullock.
9 (RLIN) 117369
245 10 - MENCIÓN DEL TÍTULO
Título Two summers in the ice-wilds of Eastern Karakoram
Resto del título : the exploration of nineteen hundred square miles of mountain and glacier /
Mención de responsabilidad, etc. by Fanny Bullock Workman and William Hunter Workman.
260 ## - PUBLICACIÓN, DISTRIBUCIÓN, ETC.
Lugar de publicación, distribución, etc. London :
Nombre del editor, distribuidor, etc. T. Fisher Unwin,
Fecha de publicación, distribución, etc. [1917]
300 ## - DESCRIPCIÓN FÍSICA
Extensión 296 p. ;
Dimensiones 23 cm.
700 1# - ENTRADA AGREGADA--NOMBRE PERSONAL
Nombre de persona Workman, William Hunter.
9 (RLIN) 117371
852 ## - LOCALIZACIÓN
Ubicación ES-MaACL
Número de control de estantería C-1458
Holdings
Estatus retirado Estado de pérdida Estado de daño No para préstamo Biblioteca de origen Biblioteca actual Ubicación en estantería Fecha de adquisición Fuente de adquisición Total de préstamos Signatura topográfica completa Código de barras Visto por última vez Precio de reemplazo Tipo de ítem Koha
        Biblioteca del Ateneo de Madrid Biblioteca del Ateneo de Madrid Sala Palomar 17/01/2008     C-1458 1139275 23/02/2023 23/02/2023 Libro impreso